Państwa graniczące z Arabią Saudyjską - Statystyki

Ogólne statystyki
  • Ten quiz został rozwiązany 3 222 razy
    3 184 od ostatniego zresetowania
  • Średni wynik to 6 z 7
Statystyki odpowiedzi
Długość Państwo % Poprawnych
676 km Oman
97%
1458 km Jemen
95%
60 km Katar
93%
814 km Irak
91%
457 km Zjednoczone Emiraty Arabskie
91%
744 km Jordania
83%
222 km Kuwejt
83%
Nie znaleziono quizów pasujących do podanych kryteriów
Rozkład punktacji
Procent ludzi z każdym wynikiem
Percentyl według liczby udzielonych odpowiedzi
Twoja historia wyników
Nie rozwiązałeś tego quizu od ostatniego zresetowania